Manual de F.U.T.: Fondo de Utilidades Tributables
Guardado en:
| Autores principales: | , |
|---|---|
| Formato: | Libro |
| Lenguaje: | español |
| Publicado: |
Santiago
CEPET
2014
|
| Edición: | 5a. ed |
| Materias: | |
| Etiquetas: |
Agregar Etiqueta
Sin Etiquetas, Sea el primero en etiquetar este registro!
|
MARC
| LEADER | 00000cam a2200000 a 4500 | ||
|---|---|---|---|
| 001 | UCE1505 | ||
| 003 | CL-VaPUC | ||
| 008 | 140502e20140300cl |||||||||||||||||spa|d | ||
| 020 | |a 9789567583539 | ||
| 082 | 0 | 4 | |a 336.2 |b CON |2 21 |
| 100 | 0 | |a Contreras Urzúa, Hugo |e author |9 573848 | |
| 700 | 0 | |a González Leiva, Leonel |e author |9 573849 | |
| 245 | 1 | 0 | |a Manual de F.U.T.: Fondo de Utilidades Tributables |
| 250 | |a 5a. ed | ||
| 300 | |a 519 p | ||
| 942 | |c BK | ||
| 945 | |d 20140502 10:02:00 |a dcastane | ||
| 260 | |a Santiago |b CEPET |c 2014 | ||
| 500 | |a Actualizado con reforma tributaria año tributario 2014 | ||
| 500 | |a Nuevo tratamiento de los gastos rechazados | ||
| 500 | |a Análisis detallado del registro contable-tributario, según tipo jurídico de la empresa | ||
| 500 | |a Operatoria del Libro FUT en el caso de: división de sociedades. Fusión y absorción de empresas. Transformación y cambios del tipo jurídico de sociedades | ||
| 500 | |a Desarrollo de casos y ejercicios prácticos | ||
| 650 | 0 | |a Derecho tributario |9 258895 | |
| 650 | 0 | |a Impuesto a la renta |9 258171 | |
| 650 | 0 | |a Sociedades anónimas |9 255387 | |
| 650 | 0 | |a Tributación |9 258429 | |
| 583 | |a last modification |c 20140502 10:02:00 |k Rodrigo Vera | ||
| 999 | |c 355281 |d 355279 | ||
| 952 | |0 0 |1 0 |3 erb |4 0 |6 336_200000000000000_CON_2014 |7 0 |8 R |9 461932 |a BIBGIM |b BIBGIM |i 507083K |o 336.2 CON 2014 |p 507083K |r 2025-01-15 |w 2019-11-23 |y BK_R |z Catalogado en:20140502 |k COM | ||
| 952 | |0 0 |1 0 |3 erb |4 0 |6 336_200000000000000_CON_2014 |7 0 |8 R |9 461933 |a BIBGIM |b BIBGIM |i 5070848 |o 336.2 CON 2014 |p 5070848 |r 2025-01-15 |w 2019-11-23 |y BK_R |z Catalogado en:20140502 |k COM | ||
| 952 | |0 0 |1 0 |3 erb |4 0 |6 336_200000000000000_CON_2014 |7 0 |8 R |9 461934 |a BIBGIM |b BIBGIM |i 5070856 |o 336.2 CON 2014 |p 5070856 |r 2025-01-15 |w 2019-11-23 |y BK_R |z Catalogado en:20140502 |k COM | ||
| 952 | |0 0 |1 0 |3 erb |4 0 |6 336_200000000000000_CON_2014 |7 0 |8 R |9 461935 |a BIBGIM |b BIBGIM |i 5070864 |o 336.2 CON 2014 |p 5070864 |r 2025-01-15 |w 2019-11-23 |y BK_R |z Catalogado en:20140502 |k COM | ||
| 952 | |0 0 |1 0 |3 erb |4 0 |6 336_200000000000000_CON_2014 |7 0 |8 R |9 461936 |a BIBGIM |b BIBGIM |i 5070872 |o 336.2 CON 2014 |p 5070872 |r 2025-01-15 |w 2019-11-23 |y BK_R |z Catalogado en:20140502 |k COM | ||